Emerging states of French equatorial Africa. (Record no. 413257)

000 -LEADER
fixed length control field 00477cam a22001337a 4500
008 - FIXED-LENGTH DATA ELEMENTS--GENERAL INFORMATION
fixed length control field 180718b1960 xxu||||| |||| 00| 0 eng d
082 ## - DEWEY DECIMAL CLASSIFICATION NUMBER
Classification number A6x672 T378
100 ## - MAIN ENTRY--PERSONAL NAME
Personal name Thompson, Virginia
245 ## - TITLE STATEMENT
Title Emerging states of French equatorial Africa.
Statement of responsibility, etc. by Virginia Thompson and Richard Adloff
260 ## - PUBLICATION, DISTRIBUTION, ETC.
Place of publication, distribution, etc. Stanford
Name of publisher, distributor, etc. Stanford University press
Date of publication, distribution, etc. 1960
300 ## - PHYSICAL DESCRIPTION
Extent xi, 593p
650 ## - SUBJECT ADDED ENTRY--TOPICAL TERM
Topical term or geographic name entry element Africa, French-speaking Equatorial -Politics and government -1884-1960.
700 ## - ADDED ENTRY--PERSONAL NAME
Personal name Adloff, Richard
Holdings
Withdrawn status Lost status Damaged status Not for loan Permanent Location Current Location Date acquired Full call number Barcode Date last seen Price effective from Koha item type
        Indian Institute of Public Administration Indian Institute of Public Administration 2009-02-11 A6x672 T378 28257 2018-07-21 2018-07-21 Book

Powered by Koha